[Event "Genova Primavera op 10th"]
[White "Brenco, Marco"]
[Black "Merlo, Andrea"]
[Site "Genova"]
[Round "5"]
[Result "0-1"]
[Date "2007.03.25"]
[WhiteElo "1922"]
[BlackElo "1971"]
[PlyCount "108"]
[EventDate "2007.03.23"]
[EventType "swiss"]
[EventRounds "5"]
[EventCountry "ITA"]
[SourceTitle "EXT 2008"]
[Source "ChessBase"]
[SourceDate "2007.11.25"]
[SourceVersion "1"]
[SourceVersionDate "2007.11.25"]
[SourceQuality "1"]

1. e4 c5 2. Nf3 d6 3. d4 cxd4 4. Nxd4 Nf6 5. Nc3 g6 6. f4 Nc6 7. Nxc6 bxc6 8. e5 Bg4 9. Be2 Bxe2 10. Qxe2 dxe5 11. fxe5 Nd5 12. e6 f6 13. Nxd5 Qxd5 14. Bf4 Bg7 15. Rd1 Qxa2 16. 0-0 0-0 17. Rd7 Qxb2 18. Rxe7 Rfe8 19. Rxe8+ Rxe8 20. Qc4 Qb6+ 21. Kh1 Qb5 22. Qxb5 cxb5 23. Re1 Bf8 24. Bd2 b4 25. g4 Bd6 26. Kg2 a5 27. g5 Kg7 28. c3 b3 29. c4 Be5 30. Bxa5 Rxe6 31. Bc3 Kf7 32. Bxe5 Rxe5 33. Rb1 Rxg5+ 34. Kf3 Rh5 35. Kg3 Rc5 36. Rxb3 Rxc4 37. Re3 g5 38. Rb3 Kg6 39. h3 f5 40. Rb6+ Kh5 41. Rb3 Re4 42. Kf3 Kh4 43. Rb5 Rf4+ 44. Kg2 h5 45. Ra5 g4 46. Ra3 Rb4 47. hxg4 hxg4 48. Ra8 Rb2+ 49. Kg1 f4 50. Ra3 f3 51. Rc3 Kg3 52. Rc1 Rg2+ 53. Kh1 Rh2+ 54. Kg1 f2+ 0-1